000 00938nam a2200277Ia 4500
003 OSt
005 20221005103607.0
006 a|||||r|||| 00| 0
007 ta
008 221004b |||||||| |||| 00| 0 hin d
020 _a97893823116603 (hbk)
_cIndian Rupees 200
024 _a33828
037 _bGift, 03/10/2017,
_cTextual
040 _aCRL
_cCRL
_bhin
041 _2hin
_ahin
082 _aO152,1N62x, Q6
100 _aशर्मा, पद्मजा, ले.
245 0 _aख़ामोशी
246 _aKha़āmoshī
260 _aजोधपुर
_bरॉयल पब्लिकेशन भारत
_c2016
300 _a120पृ0
_ccm.
650 _a हिन्दी साहित्य
650 _aहिन्दी कविता
942 _hO152,1N62x, Q6
_cTEXL
_2cc
999 _c1010377
_d1010377